Faktory prevodu monitorovaného Hp (0,07) do miesta maximálneho ožiarenia pri manipulácii s rádiofarmakami značenými 18F, 11C a 68Ga

Gespeichert in:
Bibliographische Detailangaben
1. Verfasser: Fülöp, Marko
Weitere Verfasser: Hudzietzová, Jana, Sabol, Jozef, Ragan, Pavol, Vondrák, Andrej, Nikodemová, Denisa, Foltínová, Ľubica, 1975-
Format: Buchkapitel
Sprache:Slowakisch
Schlagworte:
Tags: Tag hinzufügen
Keine Tags, Fügen Sie das erste Tag hinzu!

MARC

LEADER 00000naa$a2200000$$$4500
001 0271461
005 20240502074255.6
041 0 |a slo 
044 |a SK 
245 1 0 |a Faktory prevodu monitorovaného Hp (0,07) do miesta maximálneho ožiarenia pri manipulácii s rádiofarmakami značenými 18F, 11C a 68Ga  |c Marko Fülöp, Jana Hudzietzová, Jozef Sabol, Pavol Ragan, Andrej Vondrák, Denisa Nikodemová, Ľubica Foltínová 
610 2 0 |a energia 
610 2 0 |a farmakológia 
610 2 0 |a koža 
610 2 0 |a manipulácia s materiálom 
100 1 |a Fülöp, Marko 
700 1 |a Hudzietzová, Jana 
700 1 |a Sabol, Jozef 
700 1 |a Ragan, Pavol 
700 1 |a Vondrák, Andrej 
700 1 |a Nikodemová, Denisa 
700 1 |a Foltínová, Ľubica, 1975-